Dossier d'acollida / Diputació de Barcelona. Xarxa de Municipis
Publicado:
Barcelona :
la Diputació. Àrea de Govern Local. Direcció dels Serveis de Recursos Humans ,
2007
Descripción Física:
1 carpeta ; 31 cm + 1 fulletó + 1 bolígraf corporatiu
MARC
| LEADER | 00000nam a2200000Ia 4500 | ||
|---|---|---|---|
| 001 | 20781 | ||
| 008 | 160829s2007 xx 000 0 cat d | ||
| 080 | |a NBM-1-21 | ||
| 110 | 1 | |a Barcelona (Catalunya : Província). |b Diputació |9 52408 | |
| 245 | |a Dossier d'acollida / Diputació de Barcelona. Xarxa de Municipis | ||
| 260 | |a Barcelona : |b la Diputació. Àrea de Govern Local. Direcció dels Serveis de Recursos Humans, |c 2007 | ||
| 300 | |a 1 carpeta ; |c 31 cm + 1 fulletó + 1 bolígraf corporatiu | ||
| 590 | |a Fulletó: Diputació de Barcelona : manual d'acollida (2a ed.) | ||
| 710 | 1 | |a Barcelona (Catalunya : Província). |b Direcció dels Serveis de Recursos Humans |9 52859 | |
| 901 | |a Arxiu | ||
| 942 | |n 1 | ||
| 952 | |0 0 |1 0 |4 0 |6 NBM121 |7 1 |9 52596 |a Arxiu |b Arxiu |d 2016-12-01 |l 0 |o NBM-1-21 |p 20781 |r 2016-12-01 00:00:00 |w 2016-12-01 |y ARXIU | ||
| 999 | |c 56445 |d 56445 | ||